Photographing urban landscape /

Bibliographic Details
Main Author: Chamberlain, David, 19---
Format: Book
Language:English
Published: Poole ; New York : Blandford, 1987.
Subjects:

MARC

Tag First Indicator Second Indicator Subfields
LEADER 00000cam a22000008a 4500
001 in00000030104
005 20151007060204.0
008 870617s1987 enka 00110 eng d
010 |a gb 87033542  
015 |a GB87-33542 
020 |a 0713718498 :  |c £16.95 (Sept.) 
035 |a (OCoLC)16465069 
035 |9 AAC0252AM 
040 |a UKM  |c UKM  |d TXA  |d UtOrBLW 
049 |a TXAM  |c [A11075633] 
050 4 |a TR660  |b .C4 1987 
082 0 |a 778.9/36  |2 19 
100 1 |a Chamberlain, David,  |d 19--- 
245 1 0 |a Photographing urban landscape /  |c David Chamberlain. 
264 1 |a Poole ;  |a New York :  |b Blandford,  |c 1987. 
300 |a 160 pages :  |b illustrations (some color) ;  |c 25 cm. 
336 |a text  |b txt  |2 rdacontent 
337 |a unmediated  |b n  |2 rdamedia 
338 |a volume  |b nc  |2 rdacarrier 
500 |a Includes index. 
650 0 |a Landscape photography. 
653 |a Landscape photography - Manuals 
999 |a MARS 
999 f f |s a5829ea2-e58e-35a5-ab32-054f00b12327  |i eb601696-c60f-3e43-b1be-0c2bfd9c92ed  |t 0 
952 f f |p ric  |a Texas A&M University  |b Rellis Campus  |c Joint Library Facility  |d Remote Storage  |t 0  |e TR660 .C4 1987  |h Library of Congress classification  |i unmediated -- volume  |m A14811075633 
998 f f |a TR660 .C4 1987  |t 0  |l Remote Storage